000 00461nam a22001697a 4500
003 BD-DhUL
005 20180925100559.0
008 180925snd. xx ||||| |||| 00| 0 urd d
040 _aBD-DhUL
_cBD-DhUL
082 _a891.438
_bABS
100 0 _aابو الکلام آزاد
245 1 _aصدائے رفعت /
_cابو الکلام آزاد
260 _a:
_b،
_c۔
300 _aص۔ ۱۸۰ ؛
_c۱۸ سم۔
650 4 _aUrdu literature
942 _2ddc
_cBK
999 _c243654
_d243654